[Event "Novokuznetsk SFO-ch U19 Girls"]
[Site "Novokuznetsk"]
[Date "2014.11.05"]
[Round "4"]
[White "Evtina, Diana"]
[Black "Baneva, Svetlana"]
[Result "1/2-1/2"]
[WhiteElo "1874"]
[BlackElo "800"]
[PlyCount "87"]
[EventDate "2014.11.02"]
[EventType "swiss"]
[EventRounds "9"]
[EventCountry "RUS"]
[SourceTitle "CBM 163 Extra"]
[Source "ChessBase"]
[SourceDate "2014.12.23"]
[SourceVersion "1"]
[SourceVersionDate "2014.12.23"]
[SourceQuality "1"]

1. e4 c6 2. d4 d5 3. exd5 cxd5 4. Nf3 Bg4 5. Be2 e6 6. c3 Bd6 7. h3 Bh5 8. 0-0 Ne7 9. Bg5 0-0 10. Nbd2 Nbc6 11. Re1 Qc7 12. Bd3 h6 13. Be3 Bg6 14. Bxg6 Nxg6 15. Nb3 b6 16. Qd2 Nce7 17. Nc1 Nf5 18. Nd3 Nxe3 19. Qxe3 Rfe8 20. Nde5 Nxe5 21. Nxe5 b5 22. Qf3 Bxe5 23. Rxe5 Rab8 24. Qe2 a6 25. Re1 Qc4 26. a3 a5 27. Qxc4 bxc4 28. R1e2 Kf8 29. a4 Rb6 30. Rd2 Rd6 31. f4 g6 32. g3 Rd7 33. Kf2 Ke7 34. Kf3 Kd6 35. Rde2 Rde7 36. R5e3 f6 37. Re1 e5 38. fxe5+ fxe5 39. Rxe5 Rxe5 40. Rxe5 Rxe5 41. dxe5+ Kxe5 42. Ke3 g5 43. g4 Ke6 44. Kf3 1/2-1/2